Estatísticas para Crimes mais cometidos no Brasil

Clique aqui para jogar o quiz

Estatísticas Gerais

  • Esse quiz foi jogado 135 vezes
  • A pontuação média é 5 de 10

Estatísticas das Respostas

HintResposta% Correto
Roubo
92%
Homicídio
78%
Furto
73%
Latrocínio
54%
Estupro
47%
Feminicídio
39%
Estelionato
36%
Tráfico de Drogas
22%
Receptação
6%
10ºExtorsão
5%

Distribuição das Pontuações

Percentil de Números Respondidos

Porcentagem de Pessoas com Cada Pontuação

Sua Pontuação Histórica

Você não jogou esse quiz